000 00413nam a22001691a 4500
001 5418
003 OSt
005 20260204212014.0
008 060119s1995||||dr ||||||b||||||||||spa||
050 _aRD 972.91 B651n
100 _aBosch, Juan
245 _aEl Napoleón de las guerrilas / Juan Bosch
264 _aSanto Domingo : Alfa y Omega
300 _a53 p
650 _a1.Historia - CubaÌ
942 _2ddc
_cBK
999 _c5418
_d5418